000 00480nam a2200241Ia 4500
001 067819
003 YMCAF
005 20230512160453.0
008 100717s9999 ||||||||||||||||| ||und|d
020 _a-
024 _a67819
035 _a7282
040 _aYMCAF
_beng
_cIN-KoLT
041 _aeng
100 _aWESTERMANN
245 0 _aTABLES FOR THE METAL TRADE
250 _a-
260 _aLAHORE
300 _a151
653 _a-
653 _a-
942 _2ddc
_cBK
999 _c4728
_d4728